banner koha

Ocorrência de Phomopsis sp. em jatobá no Distrito Federal (Registro n. 294152)

MARC details
000 -LÍDER
campo de controle de tamanho fixo 00977nac a22003257a 4500
001 - NÚMERO DE CONTROLE
campo de controle BR0502102
003 - IDENTIFICADOR DO NÚMERO DE CONTROLE
campo de controle BR-BrBNA
005 - DATA E HORÁRIO DA ÚLTIMA TRANSAÇÃO
campo de controle 20240105123134.0
008 - CAMPO DE DADOS FIXOS--INFORMAÇÃO GERAL
campo de controle de tamanho fixo 230509b bl.|||m| |||| 00| 0 por d
040 ## - FONTE DA CATALOGAÇÃO
Instituição da catalogação original BR-BrBNA
Idioma da catalogação por
Instituição que transcreveu o registro Biblioteca Nacional de Agricultura
072 ## - CÓDIGO DE CATEGORIA DE ASSUNTO
Código de Categoria de Assunto H20
090 ## - NÚMERO DE CHAMADA LOCAL
Número de chamada 3200 BR0502102
100 1# - ENTRADA PRINCIPAL--NOME PESSOAL
Nome pessoal Charchar, M.J. d'A.
100 1# - ENTRADA PRINCIPAL--NOME PESSOAL
Nome pessoal Anjos, J. de R.N. dos
100 1# - ENTRADA PRINCIPAL--NOME PESSOAL
Nome pessoal Melo, J.T. de
110 1# - ENTRADA PRINCIPAL--NOME CORPORATIVO
Nome corporativo ou nome da jurisdição EMBRAPA Cerrados, Planaltina, DF (Brasil)
245 1# - TÍTULO
Título Ocorrência de Phomopsis sp. em jatobá no Distrito Federal
260 3# - PUBLICAÇÃO, DISTRIBUIÇÃO, ETC.
Local de publicação, distribuição, etc. Planaltina, DF (Brasil):
Data da publicação, distribuição, etc. 2002.
300 ## - DESCRIÇÃO FÍSICA
Extensão 15 p.
490 ## - TÍTULO DA SÉRIE
Título da série Documentos - EMBRAPA Cerrados (Brazil)
Número do volume ou designação sequencial da série no. 59
ISSN - International Standard Serial Number ISSN 1517-5111
500 ## - NOTA GERAL
Nota geral Summary (En); 15 ref.
650 ## - ASSUNTO--TERMO TÓPICO
Cabeçalho tópico ou nome geográfico JATOBÁ
650 ## - ASSUNTO--TERMO TÓPICO
Cabeçalho tópico ou nome geográfico ÁRVORE ANGIOSPERMA
650 ## - ASSUNTO--TERMO TÓPICO
Cabeçalho tópico ou nome geográfico FUNGO
650 ## - ASSUNTO--TERMO TÓPICO
Cabeçalho tópico ou nome geográfico PHOMOPSIS
650 ## - ASSUNTO--TERMO TÓPICO
Cabeçalho tópico ou nome geográfico PATOGENICIDADE
650 ## - ASSUNTO--TERMO TÓPICO
Cabeçalho tópico ou nome geográfico DISTRITO FEDERAL
909 ## -
-- 202312
-- Lúcia Elande
-- 55
-- Lúcia Elande
942 ## - ELEMENTOS DE ENTRADA ADICIONADOS (KOHA)
Fonte da classificação ou esquema de arquivamento na estante Classificação AGRIS
Ocultar no OPAC Não
Tipo de material Koha Monografia Seriada
Exemplares
Situação do descarte Fonte da classificação ou esquema de arquivamento na estante Situação física Não pode ser emprestado Coleção Biblioteca de origem Biblioteca atual Localização na estante Total de empréstimos Número de telefone completo Código de barras Data de último acesso Tipo de material Koha Fonte de aquisição
  Classificação AGRIS       Biblioteca Nacional de Agricultura - Binagri Biblioteca Nacional de Agricultura - Binagri Agrobase - Acervo Geral   3200 BR0502102 3200 BR0502102 18/12/2023 Monografia Seriada Portaria Interministerial nº 164/94

BINAGRI

Telefone: (61)3218-2567/2388/3357/2097 - binagri@agro.gov.br

Ministério da Agricultura e Pecuária , Esplanada dos Ministérios, Bloco D, Anexo B, Brasília/DF, CEP: 70.043-900